00665 2200229 4500001002100000005001500021035002000036007000300056008004100059020002200100100001900122245005300141250001800194260006800212300003600280650002600316600002000342856001800362082001600380084002200396990001700418INLIS00000000000048420250712030534 a0010-0725000484ta250712 a 0 ind  a978-623-307-221-20 aOktavia, Wenny1 aSi Boke :bRajin Membawa Berkah /cWenny Oktavia aCetakan Kedua aJakarta Timur :bBadan Pengembangan dan Pembinaan Bahasa,c2020 a28 hlm :bilus. ;c21 x 29,7 cm 4aLiterasi-Bahan Bacaan 4aKomik-Indonesia aTBM AS SUHADA a398.209 589 a398.209 589 OKT s aTBM202400380